[Event "Taastrup Quick Weekend I B2 2005"]
[Site "Taastrup"]
[Date "2005.04.08"]
[Round "1"]
[White "Lessel, Ivan"]
[Black "Zmylon, Frederik Nielsen"]
[Result "1-0"]
[WhiteElo "1136"]
[BlackElo "1005"]
[PlyCount "42"]
[EventDate "2005.??.??"]


1. e4 e5 2. Nf3 d6 3. Nc3 Nf6 4. Bc4 Be6 5. Bxe6 fxe6 6. d3 d5 7. Bg5 Bc5 8.
Nxe5 Bd4 9. Nf3 Bc5 10. e5 Bxf2+ 11. Kxf2 Ng4+ 12. Ke1 Qd7 13. h3 Ne3 14. Bxe3
Nc6 15. a3 O-O-O 16. Rf1 Rhf8 17. d4 Qe7 18. Qe2 Rxf3 19. Qxf3 Rf8 20. Qxf8+
Qxf8 21. Rxf8+ Nd8 1-0

[Event "Taastrup Quick Weekend I B2 2005"]
[Site "Taastrup"]
[Date "2005.04.08"]
[Round "1"]
[White "Meldal, Peter"]
[Black "Madsen, Simon Rise"]
[Result "0-1"]
[WhiteElo "1262"]
[BlackElo "1314"]
[PlyCount "42"]
[EventDate "2005.??.??"]


1. e4 d6 2. d4 e5 3. dxe5 Bd7 4. exd6 Bxd6 5. Nc3 Nc6 6. Nf3 Qe7 7. a3 Nf6 8.
Bg5 h6 9. Bxf6 Qxf6 10. Bd3 Bg4 11. Be2 Bxf3 12. Bxf3 Nd4 13. Bg4 h5 14. Bh3 g5
15. f3 g4 16. fxg4 hxg4 17. Bxg4 Rxh2 18. Rxh2 Bxh2 19. Ne2 Rd8 20. Nxd4 Bg3+
21. Ke2 Qf2+ 0-1

[Event "Taastrup Quick Weekend I B2 2005"]
[Site "Taastrup"]
[Date "2005.04.08"]
[Round "1"]
[White "Rasmussen, Emil Wulff"]
[Black "Capion, Jens"]
[Result "0-1"]
[WhiteElo "1000"]
[BlackElo "1048"]
[PlyCount "46"]
[EventDate "2005.??.??"]


1. e4 e5 2. Nf3 Nc6 3. d4 d6 4. Be2 Nf6 5. O-O Nxe4 6. Bb5 a6 7. Bxc6+ bxc6 8.
Qd3 d5 9. Nxe5 Ng5 10. Nxc6 Qf6 11. Qe3+ Ne6 12. Nb4 Bxb4 13. c3 Bd6 14. Qd2
O-O 15. Qc2 Bf4 16. Qb3 Qg5 17. Bxf4 Nxf4 18. g3 Nh3+ 19. Kg2 Re8 20. Na3 Nf4+
21. Kh1 Bh3 22. Rfe1 Re7 23. Qa4 h6 0-1

[Event "Taastrup Quick Weekend I B2 2005"]
[Site "Taastrup"]
[Date "2005.04.08"]
[Round "1"]
[White "Ryberg, Denis"]
[Black "Hansen, Flemming"]
[Result "0-1"]
[WhiteElo "1185"]
[BlackElo "1168"]
[PlyCount "140"]
[EventDate "2005.??.??"]


1. e4 g6 2. d4 Bg7 3. Nf3 Nc6 4. Nc3 e6 5. b3 Nge7 6. Bb2 O-O 7. Qd2 d5 8. e5
Nf5 9. O-O-O Qe7 10. Kb1 a5 11. Bb5 Bd7 12. g4 Nh4 13. Nxh4 Qxh4 14. h3 Qe7 15.
g5 Nb4 16. Ba3 Bxb5 17. Nxb5 c5 18. c3 Qd7 19. cxb4 axb4 20. Bb2 Qxb5 21. a4
Qb6 22. dxc5 Qxc5 23. Rc1 Qe7 24. f4 b5 25. axb5 Ra5 26. h4 h5 27. b6 Rfa8 28.
Rc7 Qd8 29. Qxb4 Bf8 30. Qc3 Rb5 31. b7 d4 32. Qc1 Qd5 33. Re1 Rxb7 34. Rxb7
Qxb7 35. Qc2 Qb4 36. Rd1 Rd8 37. Qc4 Qxc4 38. bxc4 d3 39. Ka2 Bc5 40. Kb3 d2
41. Kc2 Be3 42. Bc3 Bxf4 43. Bxd2 Bxe5 44. Kb3 Bg3 45. c5 Bxh4 46. Kb4 Bxg5 47.
c6 Bxd2+ 48. Kb5 Rd5+ 49. Kc4 Bf4 50. Rxd5 exd5+ 51. Kxd5 Bc7 52. Ke4 Kg7 53.
Kf3 Kf6 54. Kg2 Ke5 55. Kh3 Kd6 56. Kh4 Bd8+ 57. Kh3 Kxc6 58. Kh2 g5 59. Kh3 f5
60. Kh2 Kd5 61. Kh3 Ke4 62. Kg3 Ke3 63. Kh3 h4 64. Kg2 g4 65. Kh2 Ke2 66. Kg2
f4 67. Kh2 f3 68. Kg1 f2+ 69. Kh2 Bc7+ 70. Kg2 f1=Q# 0-1

[Event "Taastrup Quick Weekend I B2 2005"]
[Site "Taastrup"]
[Date "2005.04.09"]
[Round "2"]
[White "Capion, Jens"]
[Black "Lessel, Ivan"]
[Result "0-1"]
[WhiteElo "1048"]
[BlackElo "1136"]
[PlyCount "110"]
[EventDate "2005.??.??"]


1. e4 e5 2. Nf3 Nc6 3. Nc3 d6 4. d4 Bg4 5. h3 Bxf3 6. gxf3 Nxd4 7. Bb5+ c6 8.
Bd3 Qf6 9. Be2 O-O-O 10. Be3 d5 11. f4 dxe4 12. Nxe4 Nf3+ 13. Bxf3 Rxd1+ 14.
Rxd1 exf4 15. Nxf6 fxe3 16. Bg4+ Kc7 17. Rd7+ Kb6 18. Nxg8 Rxg8 19. Rd8 exf2+
20. Kxf2 Bc5+ 21. Kg3 Rxd8 22. Rf1 f6 23. h4 Rd2 24. Bf5 Bd4 25. Bxh7 Bxb2 26.
Rf3 Be5+ 27. Kg4 Rg2+ 28. Kh3 Rd2 29. Rb3+ Kc7 30. Kg4 Rg2+ 31. Kh3 Rd2 32. Kg4
b6 33. Rd3 Rxc2 34. Rd7+ Kxd7 35. Bxc2 Bc3 36. Kf5 Bd2 37. Kg6 Bh6 38. h5 Kd6
39. Kf5 c5 40. Ke4 b5 41. a3 b4 42. axb4 cxb4 43. Kd4 Kc6 44. Kc4 a5 45. Ba4+
Kb6 46. Bc2 Be3 47. Kd3 Bf4 48. Kc4 Bc7 49. Kb3 Kc5 50. Bf5 Kd5 51. Bc2 Ke5 52.
Ka4 f5 53. Kb3 f4 54. Bd1 Ke4 55. Kc2 Ke3 0-1

[Event "Taastrup Quick Weekend I B2 2005"]
[Site "Taastrup"]
[Date "2005.04.09"]
[Round "2"]
[White "Hansen, Flemming"]
[Black "Lindballe, Henrik"]
[Result "1-0"]
[WhiteElo "1168"]
[BlackElo "1105"]
[PlyCount "133"]
[EventDate "2005.??.??"]


1. c4 e5 2. Nc3 Nc6 3. d3 Nf6 4. e4 Nd4 5. Nf3 Bc5 6. Be3 d6 7. a3 a5 8. Nb5 c6
9. Nbxd4 Bxd4 10. Nxd4 exd4 11. Bxd4 O-O 12. Be2 d5 13. e5 Nd7 14. O-O Qh4 15.
Bc3 Qe7 16. d4 Nb6 17. c5 Nd7 18. Bd3 b6 19. b4 axb4 20. axb4 Rxa1 21. Bxa1 b5
22. Bb1 Nb8 23. Bc3 Na6 24. f4 f6 25. Qd3 g6 26. Qg3 f5 27. Bd3 Be6 28. Ra1 Ra8
29. h4 Kg7 30. h5 Qb7 31. Qg5 Qf7 32. h6+ Kg8 33. Ra5 Kf8 34. Qh4 Qe7 35. Qe1
Kf7 36. g3 Nc7 37. Qa1 Rxa5 38. bxa5 Bc8 39. Bb4 Ba6 40. Qd1 Ne6 41. Be2 Kg8
42. Kg2 g5 43. Bd2 g4 44. Bb4 Qf7 45. Bxg4 fxg4 46. Qxg4+ Qg6 47. Kh3 Qxg4+ 48.
Kxg4 Nxd4 49. Kg5 Kf7 50. f5 Nf3+ 51. Kf4 Nd4 52. g4 Bc8 53. e6+ Kf8 54. Ke5
Nc2 55. Bc3 b4 56. Bb2 Ne3 57. Kf4 Nc4 58. Bg7+ Ke7 59. g5 b3 60. g6 b2 61.
Bxb2 hxg6 62. h7 Nxb2 63. h8=Q Nd3+ 64. Kg5 gxf5 65. Qxc8 Nxc5 66. Qxc6 Nxe6+
67. Kh4 1-0

[Event "Taastrup Quick Weekend I B2 2005"]
[Site "Taastrup"]
[Date "2005.04.09"]
[Round "3"]
[White "Capion, Jens"]
[Black "Wadtland, Flemming"]
[Result "0-1"]
[WhiteElo "1048"]
[BlackElo "1100"]
[PlyCount "114"]
[EventDate "2005.??.??"]


1. e4 c5 2. Nf3 Nc6 3. Nc3 d6 4. d4 cxd4 5. Nxd4 e6 6. Be3 Nge7 7. Qd2 a6 8.
O-O-O Nxd4 9. Bxd4 Nc6 10. Be2 e5 11. Be3 Be6 12. h4 Qa5 13. a4 Rd8 14. Nd5
Qxd2+ 15. Rxd2 Bxd5 16. exd5 Ne7 17. Rd3 Nf5 18. Bb6 Rc8 19. Rhh3 Ne7 20. Bg4
f5 21. Be2 g6 22. Rc3 Bh6+ 23. Kb1 O-O 24. Rb3 Nxd5 25. Rhd3 Nf4 26. Rxd6 Nxe2
27. Be3 f4 28. Bd2 Rfd8 29. Bb4 a5 30. Rxd8+ Rxd8 31. Bxa5 Rd1+ 32. Ka2 Nd4 33.
Rxb7 Nxc2 34. Bc3 Nd4 35. Rb8+ Kf7 36. a5 Nc6 37. Rb7+ Ke6 38. a6 Rd7 39. Rb6
Kd5 40. b4 Na7 41. Rb7 Kc6 42. Rxd7 Kxd7 43. Bxe5 Kc6 44. Bd4 Nb5 45. Kb3 Nxd4+
46. Kc4 Nb5 47. Kd3 Bf8 48. Kc4 Bd6 49. a7 Nxa7 50. Kd4 Bxb4 51. Ke5 Bd6+ 52.
Kf6 Kd5 53. f3 Be5+ 54. Kf7 Kd4 55. Kg8 Ke3 56. Kxh7 Kf2 57. g4 fxg3 0-1

[Event "Taastrup Quick Weekend I B2 2005"]
[Site "Taastrup"]
[Date "2005.04.09"]
[Round "3"]
[White "Capion, Jon Gotz"]
[Black "Meldal, Peter"]
[Result "0-1"]
[WhiteElo "1159"]
[BlackElo "1262"]
[PlyCount "106"]
[EventDate "2005.??.??"]


1. e4 c5 2. Nc3 Nc6 3. Nf3 a6 4. d3 d6 5. Be2 Nf6 6. Be3 e5 7. Nd5 Nxd5 8. exd5
Ne7 9. c4 b5 10. O-O Bd7 11. a3 Nf5 12. Bd2 h6 13. b4 Rc8 14. bxc5 Rxc5 15. Bb4
Rc8 16. Rc1 bxc4 17. dxc4 a5 18. Bc3 Rc5 19. Bd3 Qc7 20. Re1 Be7 21. Qc2 g6 22.
Rb1 O-O 23. Ba1 Nh4 24. Nd4 f5 25. Nb5 Qc8 26. Bd4 Bxb5 27. Bxc5 Qxc5 28. Be2
Ba6 29. g3 e4 30. gxh4 Bxh4 31. Kh1 Bxf2 32. Rf1 e3 33. Kg2 g5 34. h3 Qd4 35.
Rxf2 exf2 36. Kf1 f4 37. Bd3 Qe3 38. Bh7+ Kh8 39. Bd3 Qxh3+ 40. Ke2 Qe3+ 41.
Kf1 Qh3+ 42. Ke2 Re8+ 43. Kxf2 Qg3+ 44. Kf1 Qf3+ 45. Kg1 Qg3+ 46. Kf1 Qf3+ 47.
Kg1 Qe3+ 48. Kf1 f3 49. Rb8 Rxb8 50. Qc3+ Qe5 51. Qxe5+ dxe5 52. Kf2 g4 53. Kg3
h5 0-1

[Event "Taastrup Quick Weekend I B2 2005"]
[Site "Taastrup"]
[Date "2005.04.09"]
[Round "3"]
[White "Lessel, Ivan"]
[Black "Hansen, Flemming"]
[Result "1-0"]
[WhiteElo "1136"]
[BlackElo "1168"]
[PlyCount "71"]
[EventDate "2005.??.??"]


1. e4 g6 2. Nf3 Bg7 3. Nc3 d6 4. d4 Nc6 5. d5 Ne5 6. Be2 c6 7. O-O Nf6 8. Bf4
Qc7 9. Nd4 O-O 10. Re1 Bd7 11. Nf3 Nh5 12. Be3 a6 13. Nxe5 Bxe5 14. Bxh5 gxh5
15. Qxh5 Bg7 16. Bh6 Bxh6 17. Qxh6 f5 18. Re3 Rf6 19. Rg3+ Rg6 20. Rxg6+ hxg6
21. Qxg6+ Kh8 22. Re1 f4 23. Qh6+ Kg8 24. Qxf4 e5 25. Qg5+ Kf7 26. Re3 Bg4 27.
Qxg4 Rf8 28. Rf3+ Ke8 29. Qh5+ Rf7 30. Qh8+ Ke7 31. Rxf7+ Kxf7 32. Qh7+ Kf6 33.
Qxc7 cxd5 34. Nxd5+ Kg5 35. Qg7+ Kh5 36. Qf6 1-0

[Event "Taastrup Quick Weekend I B2 2005"]
[Site "Taastrup"]
[Date "2005.04.09"]
[Round "3"]
[White "Madsen, Simon Rise"]
[Black "Lindballe, Henrik"]
[Result "1-0"]
[WhiteElo "1314"]
[BlackElo "1105"]
[PlyCount "87"]
[EventDate "2005.??.??"]


1. f4 d6 2. d4 Nf6 3. Nc3 Bf5 4. e3 d5 5. Be2 Nc6 6. a3 e6 7. Nf3 Bd6 8. O-O
O-O 9. Ne5 Ne4 10. Nxe4 Bxe4 11. Bf3 f5 12. c4 Bxe5 13. fxe5 Bxf3 14. Qxf3 dxc4
15. Qg3 Qd5 16. Rf4 Ne7 17. Rh4 g6 18. Bd2 b6 19. Bc3 Rac8 20. Qg5 Rf7 21. Rf1
a5 22. e4 Qd7 23. exf5 exf5 24. Re1 Qe6 25. Re3 Kg7 26. Rxh7+ Kxh7 27. Rh3+ Kg8
28. Qh6 Rh7 29. Qxh7+ Kf8 30. Qh8+ Qg8 31. Qf6+ Qf7 32. Rh8+ Ng8 33. Qc6 Kg7
34. Rh3 Ne7 35. Qd7 Qe8 36. Qe6 Qf8 37. d5 Rd8 38. d6 Ng8 39. Qxc4 cxd6 40. e6+
Nf6 41. Qc7+ Kg8 42. e7 Qe8 43. Qxd8 Kf7 44. Bxf6 1-0

[Event "Taastrup Quick Weekend I B2 2005"]
[Site "Taastrup"]
[Date "2005.04.09"]
[Round "3"]
[White "Rasmussen, Emil Wulff"]
[Black "Ryberg, Denis"]
[Result "1-0"]
[WhiteElo "1000"]
[BlackElo "1185"]
[PlyCount "109"]
[EventDate "2005.??.??"]


1. e4 e5 2. Nf3 Nc6 3. d3 d5 4. Bd2 dxe4 5. dxe4 Bg4 6. Be2 Nd4 7. Nxd4 Bxe2 8.
Nxe2 Bc5 9. O-O Nf6 10. Nbc3 O-O 11. Bg5 Qxd1 12. Raxd1 Rad8 13. Bxf6 gxf6 14.
Rxd8 Rxd8 15. Rd1 Rxd1+ 16. Nxd1 Kg7 17. h3 Kg6 18. Kh2 f5 19. exf5+ Kxf5 20.
Kg3 f6 21. Kf3 e4+ 22. Kg3 Kg5 23. f3 f5 24. fxe4 fxe4 25. Ndc3 Kf5 26. Kh4 a6
27. Ng3+ Kg6 28. Ngxe4 Be7+ 29. Kg4 h5+ 30. Kf3 c6 31. Na4 Kf5 32. Nac5 Bxc5
33. Nxc5 b5 34. Nxa6 h4 35. g4+ Kg5 36. b3 b4 37. Nb8 c5 38. Na6 c4 39. bxc4
Kf6 40. Nxb4 Ke5 41. c5 Ke6 42. a4 Kd7 43. a5 Kc7 44. a6 Kb8 45. c6 Ka8 46. c7
Ka7 47. Kf4 Kb6 48. c8=Q Kb5 49. Qc3 Ka5 50. Nd3+ Kxa6 51. Qb4 Ka7 52. Ke5 Ka6
53. Kd6 Ka7 54. Kc7 Ka6 55. Qb6# 1-0

[Event "Taastrup Quick Weekend I B2 2005"]
[Site "Taastrup"]
[Date "2005.04.10"]
[Round "4"]
[White "Hansen, Flemming"]
[Black "Wadtland, Flemming"]
[Result "0-1"]
[WhiteElo "1168"]
[BlackElo "1100"]
[PlyCount "110"]
[EventDate "2005.??.??"]


1. d4 d5 2. e3 g6 3. c4 Nf6 4. Nc3 Bg7 5. Nf3 Bf5 6. Bd3 Bg4 7. h3 Bh5 8. Be2
c6 9. Bd2 Qc8 10. Ne5 Bxe2 11. Qxe2 O-O 12. a4 Kh8 13. b4 Ng8 14. c5 f6 15. Ng4
h5 16. Nh2 Nd7 17. O-O e5 18. Qd3 e4 19. Nxe4 dxe4 20. Qxe4 f5 21. Qf3 Ne7 22.
Bc3 Nd5 23. Rfc1 N7f6 24. e4 Nxe4 25. Qd3 Bh6 26. Rc2 Nexc3 27. Rxc3 Nxc3 28.
Qxc3 Bg7 29. Nf3 Qd8 30. Rd1 Kh7 31. h4 Bf6 32. g3 Re8 33. Qd2 Re4 34. Kg2 Qd5
35. Kh3 Rd8 36. Ng5+ Bxg5 37. Qxg5 Rxd4 38. Qe7+ Kg8 39. Re1 Re4 40. Rxe4 fxe4
41. Qf6 Qf5+ 42. Qxf5 gxf5 43. b5 cxb5 44. axb5 Rd3 45. Kg2 Rc3 46. b6 axb6 47.
cxb6 Rc2 48. Kf1 Rb2 49. Ke1 Rxb6 50. Ke2 Rb3 51. Kd2 Rf3 52. Ke2 b5 53. Kf1 b4
54. Kg2 b3 55. g4 fxg4 0-1

[Event "Taastrup Quick Weekend I B2 2005"]
[Site "Taastrup"]
[Date "2005.04.10"]
[Round "4"]
[White "Lindballe, Henrik"]
[Black "Capion, Jens"]
[Result "0-1"]
[WhiteElo "1105"]
[BlackElo "1048"]
[PlyCount "116"]
[EventDate "2005.??.??"]


1. e4 e5 2. Nf3 Nc6 3. Bb5 Nf6 4. d3 a6 5. Bxc6 dxc6 6. Nc3 Bd6 7. Be3 Bg4 8.
h3 Bxf3 9. Qxf3 O-O 10. O-O b5 11. Bg5 Be7 12. Qf5 g6 13. Qxe5 Re8 14. Qf4 Qd6
15. Qxd6 cxd6 16. Rae1 Nh5 17. Bh6 Bf8 18. Bg5 h6 19. Bh4 g5 20. Bg3 Nxg3 21.
fxg3 Bg7 22. h4 Bd4+ 23. Kh1 Be5 24. hxg5 Bxg3 25. Re3 b4 26. Nd1 Be5 27. gxh6
Ra7 28. Rf5 Re6 29. Rh3 Kh7 30. b3 Rxh6 31. Rxh6+ Kxh6 32. Nf2 Kg6 33. Ng4 f6
34. Nxe5+ dxe5 35. Rf3 Rh7+ 36. Rh3 c5 37. Kh2 Rh5 38. Kg3 Kg5 39. Kf3 Rh4 40.
Rxh4 Kxh4 41. Ke3 Kg4 42. Kd2 Kf4 43. g3+ Kf3 44. g4 a5 45. c3 Kf4 46. cxb4
axb4 47. Ke2 Kxg4 48. Ke3 f5 49. exf5 Kxf5 50. Kf3 Ke6 51. Ke4 Kd6 52. Ke3 Kd5
53. Kd2 Kd4 54. Kc2 Ke3 55. Kd1 Kxd3 56. Kc1 e4 57. Kd1 e3 58. Ke1 e2 0-1

[Event "Taastrup Quick Weekend I B2 2005"]
[Site "Taastrup"]
[Date "2005.04.10"]
[Round "4"]
[White "Madsen, Simon Rise"]
[Black "Lessel, Ivan"]
[Result "0-1"]
[WhiteElo "1314"]
[BlackElo "1136"]
[PlyCount "96"]
[EventDate "2005.??.??"]


1. d4 d5 2. e3 Nf6 3. Nf3 c5 4. b3 e6 5. Be2 Bd6 6. dxc5 Qa5+ 7. Qd2 Qxc5 8.
Nc3 Qa5 9. Bb2 O-O 10. O-O Nbd7 11. e4 Ne5 12. Nxd5 Nxf3+ 13. Bxf3 Qxd2 14.
Nxf6+ gxf6 15. Bxf6 Bxh2+ 16. Kxh2 Qf4+ 17. g3 Qxf6 18. Kg2 b6 19. e5 Qxe5 20.
Bxa8 Bd7 21. Rae1 Qc5 22. Be4 Bc6 23. c4 Rd8 24. Rh1 Bxe4+ 25. Rxe4 Qf5 26. Rf4
Qc2 27. Rh6 e5 28. Rg4+ Kf8 29. Rgh4 e4 30. Rf4 e3 31. Re6 Re8 32. Rxe8+ Kxe8
33. Re4+ Kf8 34. Rxe3 Qxa2 35. Kf3 Qd2 36. g4 Qd7 37. Kg3 b5 38. cxb5 Qxb5 39.
f4 f5 40. g5 Kf7 41. Kg2 Qd5+ 42. Kf2 Qd4 43. Kf3 Qd1+ 44. Kf2 Qg4 45. Rf3 Ke6
46. Ke2 Kd5 47. Ke3 Qg1+ 48. Rf2 Qh1 0-1

[Event "Taastrup Quick Weekend I B2 2005"]
[Site "Taastrup"]
[Date "2005.04.10"]
[Round "4"]
[White "Meldal, Peter"]
[Black "Rasmussen, Emil Wulff"]
[Result "1/2-1/2"]
[WhiteElo "1262"]
[BlackElo "1000"]
[PlyCount "51"]
[EventDate "2005.??.??"]


1. e4 e5 2. f4 d6 3. Nf3 Nd7 4. Bc4 Ngf6 5. Nc3 Be7 6. O-O O-O 7. fxe5 dxe5 8.
d3 c5 9. Bg5 a6 10. Bxf6 Bxf6 11. Nd5 Be7 12. Qd2 Bd6 13. Ne3 Nf6 14. a3 b5 15.
Ba2 Ng4 16. Bd5 Rb8 17. Nxg4 Bxg4 18. Ng5 Bh5 19. Rf2 Be7 20. h4 Bxg5 21. Qxg5
Qxg5 22. hxg5 Rbc8 23. Rf5 Rce8 24. Raf1 Re7 25. g4 Bg6 26. R5f2 1/2-1/2

[Event "Taastrup Quick Weekend I B2 2005"]
[Site "Taastrup"]
[Date "2005.04.10"]
[Round "4"]
[White "Zmylon, Frederik Nielsen"]
[Black "Ryberg, Denis"]
[Result "0-1"]
[WhiteElo "1005"]
[BlackElo "1185"]
[PlyCount "76"]
[EventDate "2005.??.??"]


1. d4 d5 2. Nc3 Nf6 3. Bg5 e6 4. Qd2 h6 5. Bh4 Bb4 6. O-O-O Qd7 7. Bxf6 gxf6 8.
e3 Nc6 9. Nf3 b6 10. Bd3 Bb7 11. Rhe1 O-O-O 12. b3 Kb8 13. e4 a6 14. e5 fxe5
15. dxe5 d4 16. Nxd4 Nxd4 17. Be4 f5 18. Bxb7 Kxb7 19. Qe3 Bxc3 20. Qxc3 Ne2+
21. Rxe2 Qxd1+ 22. Kb2 Qxe2 23. f3 Qd2 24. Qxd2 Rxd2 25. Kc3 Rdd8 26. f4 Rhg8
27. g3 h5 28. Kb2 Rd7 29. c4 a5 30. a3 Ka6 31. b4 h4 32. gxh4 Rg2+ 33. Kb3 Rd3+
34. Ka4 c6 35. b5+ cxb5+ 36. cxb5+ Kb7 37. h5 Rg4 38. h3 Rxf4# 0-1

[Event "Taastrup Quick Weekend I B2 2005"]
[Site "Taastrup"]
[Date "2005.04.10"]
[Round "5"]
[White "Capion, Jon Gotz"]
[Black "Zmylon, Frederik Nielsen"]
[Result "1-0"]
[WhiteElo "1159"]
[BlackElo "1005"]
[PlyCount "37"]
[EventDate "2005.??.??"]


1. e4 e5 2. Nf3 d6 3. Nc3 Nf6 4. d3 Nc6 5. Be3 Bg4 6. Be2 Qd7 7. Nd5 Nxd5 8.
exd5 Ne7 9. c4 O-O-O 10. Bxa7 Nf5 11. a4 b6 12. a5 bxa5 13. Rxa5 Qe7 14. O-O
Bxf3 15. Bxf3 h5 16. Rb5 h4 17. Rb8+ Kd7 18. Qa4+ c6 19. Qxc6# 1-0

[Event "Taastrup Quick Weekend I B2 2005"]
[Site "Taastrup"]
[Date "2005.04.10"]
[Round "5"]
[White "Hansen, Flemming"]
[Black "Meldal, Peter"]
[Result "1/2-1/2"]
[WhiteElo "1168"]
[BlackElo "1262"]
[PlyCount "121"]
[EventDate "2005.??.??"]


1. c4 e5 2. e3 f5 3. Nf3 Nc6 4. d4 d6 5. d5 Nce7 6. Nc3 Bd7 7. e4 Nf6 8. Bd3 h6
9. Nd2 c6 10. Nb3 fxe4 11. Nxe4 Nxe4 12. Bxe4 g6 13. O-O cxd5 14. cxd5 Qc7 15.
Be3 Qc4 16. Bf3 e4 17. Be2 Qxd5 18. Bd4 Rh7 19. f3 Bf5 20. g4 Bd7 21. Qc2 exf3
22. Bxf3 Qg5 23. h3 Rc8 24. Bc3 h5 25. Qf2 hxg4 26. Bg2 Nf5 27. Rae1+ Kd8 28.
hxg4 Qxg4 29. Bf6+ Be7 30. Bxe7+ Rxe7 31. Rxe7 Kxe7 32. Re1+ Kd8 33. Qxa7 Bc6
34. Qb6+ Kd7 35. Qf2 Qxg2+ 36. Qxg2 Bxg2 37. Kxg2 Rc2+ 38. Kf3 Rxb2 39. Nc1 Rb1
40. Kf4 b5 41. Kg5 Ne7 42. Kf6 Nd5+ 43. Kxg6 Nb4 44. Kf6 Nxa2 45. Re7+ Kc6 46.
Nxa2 Rf1+ 47. Kg5 Rg1+ 48. Kf4 Rf1+ 49. Kg3 Ra1 50. Nb4+ Kc5 51. Nd3+ Kc6 52.
Rf7 Ra3 53. Rf3 Ra4 54. Nb2 Rd4 55. Rc3+ Kb6 56. Kf3 d5 57. Ke3 Rb4 58. Nd3 d4+
59. Ke2 dxc3 60. Nxb4 Kc5 61. Nc2 1/2-1/2

[Event "Taastrup Quick Weekend I B2 2005"]
[Site "Taastrup"]
[Date "2005.04.10"]
[Round "5"]
[White "Rasmussen, Emil Wulff"]
[Black "Madsen, Simon Rise"]
[Result "0-1"]
[WhiteElo "1000"]
[BlackElo "1314"]
[PlyCount "50"]
[EventDate "2005.??.??"]


1. e4 d5 2. exd5 Qxd5 3. Nc3 Qd8 4. Nf3 Bf5 5. d4 Nf6 6. g3 e6 7. Bg2 Bb4 8.
Bd2 O-O 9. O-O Nc6 10. a3 Be7 11. Qe2 Bxc2 12. b4 Nxd4 13. Nxd4 Qxd4 14. Bxb7
Rad8 15. Rad1 Bxd1 16. Rxd1 Qb6 17. Bg2 a5 18. bxa5 Qxa5 19. Nb5 Qb6 20. a4 Qa6
21. Ra1 c6 22. Nc3 Qxe2 23. Nxe2 Rxd2 24. Kf1 Rfd8 25. Nc3 Bb4 0-1

[Event "Taastrup Quick Weekend I B2 2005"]
[Site "Taastrup"]
[Date "2005.04.10"]
[Round "5"]
[White "Ryberg, Denis"]
[Black "Capion, Jens"]
[Result "0-1"]
[WhiteElo "1185"]
[BlackElo "1048"]
[PlyCount "106"]
[EventDate "2005.??.??"]


1. e4 e5 2. Nf3 Nc6 3. Nc3 Nf6 4. Bb5 Nd4 5. Nxd4 exd4 6. Nd5 c6 7. Nxf6+ Qxf6
8. Be2 Bc5 9. O-O d6 10. c3 O-O 11. h3 Bd7 12. Re1 d3 13. Bxd3 Bxf2+ 14. Kh1
Bxe1 15. Qxe1 Rfe8 16. Qd1 d5 17. exd5 Qf2 18. Kh2 Re1 19. Qf3 Qxf3 20. gxf3
Rae8 21. dxc6 Bxc6 22. b3 Bxf3 23. Bb2 Rxa1 24. Bxa1 Be2 25. Bxe2 Rxe2+ 26. Kg3
Rxd2 27. c4 Rxa2 28. Bd4 Ra3 29. Kg4 Rxb3 30. h4 Rb4 31. Bxa7 Rxc4+ 32. Kg5 Rc6
33. h5 b6 34. h6 Rxh6 35. Kf5 Rf6+ 36. Ke5 h5 37. Kd5 Rh6 38. Bxb6 Rxb6 39. Ke4
g5 40. Kf3 Kg7 41. Kg3 Kf6 42. Kh3 Kf5 43. Kg3 Rb3+ 44. Kg2 Kf4 45. Kh2 Rb2+
46. Kh3 Rb3+ 47. Kg2 Kg4 48. Kf2 Kf4 49. Kg2 g4 50. Kh2 Rb2+ 51. Kg1 Kf3 52.
Kh1 g3 53. Kg1 Rb1# 0-1

[Event "Taastrup Quick Weekend I B2 2005"]
[Site "Taastrup"]
[Date "2005.04.10"]
[Round "5"]
[White "Wadtland, Flemming"]
[Black "Lessel, Ivan"]
[Result "1/2-1/2"]
[WhiteElo "1100"]
[BlackElo "1136"]
[PlyCount "53"]
[EventDate "2005.??.??"]


1. e4 e5 2. Nf3 Nc6 3. Nc3 Nf6 4. Bb5 d6 5. d4 Bg4 6. d5 a6 7. Bxc6+ bxc6 8.
Bg5 Qd7 9. Bxf6 gxf6 10. dxc6 Qxc6 11. h3 Be6 12. g4 h5 13. Nh2 Rd8 14. f3 d5
15. exd5 Bxd5 16. Nxd5 Rxd5 17. Qe2 e4 18. O-O Bc5+ 19. Kg2 Re5 20. Rae1 e3 21.
Kg1 hxg4 22. hxg4 f5 23. f4 fxg4 24. fxe5 g3 25. Nf3 Qh6 26. Nh2 gxh2+ 27. Kh1
1/2-1/2